| 000 | 00726nam a22001817a 4500 | ||
|---|---|---|---|
| 005 | 20260309095944.0 | ||
| 008 | 250213b |||||||| |||| 00| 0 eng d | ||
| 082 | _aUT 1739 N87 2024 | ||
| 100 |
_aNoya, Carel P. _965246 |
||
| 245 |
_aFinancial literacy among business owners in Jose Abad Santos, Davao Occidental / _cCarel P. Noya, Lenie May O. Neones, and Suzanne May N. Olojan |
||
| 260 |
_aDigos City : _bUMDC, _c©July 2024. |
||
| 300 |
_aviii, 52 pages : _billustration (some colors) ; _c29 cm. |
||
| 521 | _aIncludes references and appendices. | ||
| 650 | 0 |
_aBusiness administration _xUndergraduate thesis. _969963 |
|
| 700 |
_aNeones, Lenie May O. _965247 |
||
| 700 |
_aOlojan, Suzanne May N. _965248 |
||
| 942 |
_2ddc _cUT |
||
| 999 |
_c23439 _d23439 |
||